| 000 | 01079nam a2200217Ia 4500 | ||
|---|---|---|---|
| 001 | 17767 | ||
| 003 | GE_BSU | ||
| 008 | 181216s||||||||xx |||||||||||||| ||und|| | ||
| 020 | _a978941408960 | ||
| 040 | _cGE_BSU | ||
| 100 | _aჯიქია, ლ. კინწურაშვილი, ქ. | ||
| 245 | _aხილისა და ბოსტნეულის შენახვა-გადამუშავების სამრეწველო ტექნოლოგიის ზოგადი საფუძვლები | ||
| 245 | _bსახელმძღვანელო | ||
| 260 | _aქუთაისი | ||
| 260 | _bაკაკი წერეთლის სახ. უნ-ტი | ||
| 260 | _c2009 | ||
| 300 | _a484 გვ.21სმ. | ||
| 300 | _eბიბლ.გვ.476-477 | ||
| 653 | _aხილისა და ბოსტნეულის შენახვა-გადამუშავების სამრეწველო ტექნოლოგიის ზოგადი საფუძვლები | ||
| 942 | _cBK | ||
| 999 |
_c50814 _d50814 |
||